[Event "EU-ch 14th"]
[Site "Legnica"]
[Date "2013.05.13"]
[Round "8"]
[White "Moiseenko, Alexander"]
[Black "Romanov, Evgeny"]
[Result "1-0"]
[WhiteElo "2698"]
[BlackElo "2640"]
[Annotator "Ftacnik,L"]
[PlyCount "79"]
[EventDate "2013.05.05"]
[EventType "swiss"]
[EventRounds "11"]
[EventCountry "POL"]
[SourceTitle "CBM 155"]
[Source "ChessBase"]
[SourceDate "2013.07.16"]
[SourceVersion "1"]
[SourceVersionDate "2013.07.16"]
[SourceQuality "1"]

1. d4 Nf6 2. c4 e6 3. Nf3 d5 4. Nc3 c5 5. cxd5 Nxd5 {The Tarrasch Defence is
going through a renaissance, mainly in the form of logical pawn recapture
towards centre with 5.. ed5. The strategically more simplified choice of a
knight move suffers from one drawback in that it frees the opponent's hands in
the centre.} (5... exd5 6. g3 Nc6 7. Bg2) 6. e4 Nxc3 7. bxc3 cxd4 8. cxd4 Bb4+
{Romanov is rightly rushing the exchange of the further minor piece as it
diminishes White's attacking potential.} 9. Bd2 Bxd2+ 10. Qxd2 O-O 11. Rc1 Nc6
12. Bc4 {The modern treatment of the line is connected with the speedy control
of the only open file with the white rook. The further details are more fuzzy,
Moiseenko's solution is very classical.} (12. Bb5 Bd7 13. O-O Ne5 14. Be2 Nxf3+
15. Bxf3 Bb5 (15... Rc8 16. d5 exd5 17. exd5 Qf6 18. d6 Rxc1 19. Rxc1 b6 20. h3
$14 {1/2 (48) Eljanov,P (2683)-Cyborowski,L (2543) Germany 2012}) 16. Rfd1 Qd7
17. d5 exd5 18. Qb4 Rac8 19. exd5 Rxc1 20. Rxc1 Re8 21. h3 $14 {1-0 (31)
Nakamura,H (2699)-Gyimesi,Z (2582) Austria 2009}) 12... Qd6 13. O-O Rd8 14.
Rfd1 Bd7 15. Qe3 {White does not have any real reason to presume, that his
chances are better. The defender has avoided any compromising of his position
and the completion of his development is bogged down only by the fate of rook
on a8. On the other hand, an initiative can be based on the dynamics of
White's centre as well as reasonably weak defence of Black's king.} (15. e5 Qe7
16. Qf4 (16. Rb1 b6 17. Bd3 Na5 18. Qf4 Bc6 19. Ng5 h6 20. Ne4 Bxe4 21. Bxe4
Rac8 22. d5 exd5 23. Bxd5 Nc6 24. Bxc6 {1/2 (24) Tatai,S (2455)-Kierzek,M
Dortmund 1978}) 16... Be8 17. h4 Rac8 18. d5 exd5 19. Rxd5 h6 20. Rcd1 Rxd5 21.
Rxd5 Rd8 22. Qe4 {1/2 (22) Petrosian,T (2645)-Kortschnoj,V (2645) Ciocco 1977})
(15. Qe2 Rac8 16. d5 exd5 17. Bxd5 Be6 18. Bxc6 Rxc6 19. Rb1 Rb6 {1/2 (19)
Portisch,L (2650)-Polugaevsky,L (2625) Portoroz 1973}) (15. d5 exd5 16. Bxd5
Be6 17. Bxc6 Qxd2 18. Rxd2 Rxd2 19. Nxd2 Rc8 20. f4 Rxc6 21. Rxc6 bxc6 22. a3
Kf8 23. Kf2 $11 {1/2 (43) Karpov,A (2750)-Pyhala,A (2385) Helsinki 1989}) 15...
h6 {Any pawn advance in front of the king means additional weaknesses. Black
is defending against the white knight move to g5, but he weakens the diagonal
b1-h7.} (15... Rac8 16. Ng5 (16. d5 exd5 17. Bxd5 Be6 18. Ng5 Bxd5 19. exd5 Ne7
20. Ne4 Rxc1 21. Qxc1 Qd7 $11) 16... Nb4 (16... Na5 17. Qh3 h6 18. Nxf7 Kxf7
19. Qf5+ Kg8 20. Qxa5 $16) 17. e5 Qe7 18. Ne4 $14) 16. h3 Na5 17. Bd3 {White
could not have reasonably hoped to achieve success in the event of an exchange
of bishops. There is also the very important fact that the knight is far from
perfectly placed on the a5-square.} (17. d5 Nxc4 18. Rxc4 Bb5 19. Rcc1 exd5 20.
Rxd5 Qb4 $11) 17... Rac8 18. e5 (18. Rxc8 Rxc8 19. d5 exd5 20. exd5 Ba4 21. Rc1
Rxc1+ 22. Qxc1 Bd7 $11) 18... Qd5 {The black defence has entered the phase of
difficult choices. Queen centralisation is attractive, but the retreat to e7
was not without its plusses. The queen would have got a chance to contribute
towards the defence against the kingside attack.} (18... Qe7 19. Qe4 g6 20. Qe3
Bc6 $11) 19. Rc5 Qxa2 $6 {[%mdl 128] Black is fascinated by the risk, but
clearly he felt he was getting enough compensation in the pawn he has won. A
similar effect was possibe in the event of the smarter exchange of the rooks
on c5.} (19... Rxc5 $5 20. dxc5 Kf8 21. Bc2 Qxa2 22. Qd3 Nc6 23. Qh7 Bc8 24.
Rb1 a5 $11) 20. Qe4 Rxc5 (20... g6 $2 21. Qh4 $1 Bc6 22. Rdc1 h5 23. Qg5 Rd7
24. d5 $18) 21. dxc5 Kf8 (21... g6 $2 22. Bb5 Nc6 23. Bxc6 bxc6 24. Qh4 $18)
22. Bb5 Ke7 {At the end of the day Romanov is forced to contribute towards the
defensive task with his own king. It can not be an ideal situation, since his
majesty is by nature a very vulnerable piece.} (22... Ke8 $2 23. Qh7 a6 24.
Bxd7+ Rxd7 25. Qg8+ Ke7 26. Rxd7+ Kxd7 27. Qxf7+ Kc6 28. Nd4+ Kxc5 29. Nxe6+
$16) 23. Qh4+ (23. Qb4 Bc6 (23... Bxb5 $2 24. c6+ Ke8 25. Rxd8+ Kxd8 26. Qd6+
$18) 24. Rxd8 Kxd8 25. Bxc6 bxc6 26. Qb8+ Ke7 27. Qxa7+ Kf8 28. Qb8+ Ke7 29.
Qd6+ Ke8 30. Nd2 $14) 23... Ke8 (23... g5 $2 24. Qxh6 $18) 24. Qd4 Qd5 $6 {
The old maxim about the very difficult nature of defence in chess is proven
true for the umpteenth time. In retrospect it seems that better chances for
survival were promised by the knight retreat 24...Nc6.} (24... Nc6 25. Bxc6
bxc6 26. Qe4 Ke7 27. Qh7 Rb8 28. Nh4 $14) 25. Qa4 Qxd1+ (25... Bxb5 $2 26.
Qxb5+ Qc6 27. Rxd8+ Kxd8 28. Qxa5+ $18) 26. Qxd1 Bxb5 27. Qb1 {The shoot-out
on the board has not been so tragic for Black in the material sense. His curse
remains the miserably located knight on a5 and the vulnerability of the pawn
structure.} Bd3 (27... Bc6 28. Qb4 Rd1+ 29. Kh2 Ra1 30. Nd4 Ra4 31. Qb2 Bd7 32.
Nb5 $16) 28. Qb4 Nc6 29. Qxb7 Be4 30. Qb2 {The queen retreat is definitely not
a bad move, but quite probably also not the best one. It may seem that from
the a6-square the queen might have been even more efficient in paralysing
Black's forces.} (30. Qa6 $1 Rd1+ 31. Kh2 Bd5 32. Ng1 $1 Rc1 33. Ne2 Rxc5 34.
Qc8+ Ke7 35. Nf4 Rc4 36. Qc7+ Ke8 37. Nh5 $18) 30... a5 (30... Rb8 $5 31. Qc3
Rb4 32. Nd2 Bd5 33. Nf1 Rb1 (33... Bc4 34. Ng3 Bd5 35. Nh5 $18) 34. Qc2 Ra1 35.
f3 a5 36. Qb2 Rd1 37. Kf2 $16) 31. Nd2 Rb8 32. Qc3 Bd5 33. Nc4 $1 {The
defender must be on the alert against activation of the white knight. Black is
forced to part with the magnificent bishop on the d5-square.} Bxc4 (33... Rb4
34. Nxa5 Rb1+ 35. Kh2 Nxa5 36. Qxa5 Rc1 37. f3 $18) (33... Ra8 34. Nb6 Rd8 35.
Qb2 Ne7 36. Nxd5 Nxd5 37. Qb5+ Rd7 38. Qxa5 $18) 34. Qxc4 Nxe5 $6 {The great
rule of defence is the concept of building barriers for the opponent. If the
enemy manages to achieve relative success the trenches should be moved and a
new barrier built elsewhere. The demise of the e5-pawn will simplify for White
the task of advancing his passed c-pawn.} (34... Ke7 $1 35. Qa6 Kd7 36. Qd3+
Ke8 37. Qh7 $16) 35. Qa6 $1 Rb1+ 36. Kh2 Rc1 37. Qd6 {The problems of the
coordination of Black's forces are becoming visible even to the naked eye.} (
37. Qa8+ Ke7 38. Qb7+ Kf6 39. f4 Nf3+ (39... Rxc5 40. fxe5+ Rxe5 41. Qb2 Kf5
42. Qd4 $18) 40. Qxf3 Rxc5 41. g4 $18) 37... Nd7 (37... Ng6 38. Qb8+ (38. c6 f6
39. Qxe6+ Ne7 40. Qd7+ Kf7 41. c7 a4 $16) 38... Ke7 39. Qb7+ Ke8 40. c6 f5 41.
Qxg7 $18) 38. c6 Nf6 39. Qb8+ Ke7 40. c7 {As well as the danger of the pawn
passing all the way to c8 Black is now under the threat of a simple mate on
the d8-square.} 1-0

[Event "Hoogovens"]
[Site "Wijk aan Zee"]
[Date "1990.01.??"]
[Round "4"]
[White "Portisch, Lajos"]
[Black "Dlugy, Maxim"]
[Result "1-0"]
[WhiteElo "2605"]
[BlackElo "2525"]
[Annotator "Ftacnik,L"]
[PlyCount "153"]
[EventDate "1990.01.??"]
[EventType "tourn"]
[EventRounds "13"]
[EventCountry "NED"]
[EventCategory "13"]
[SourceTitle "CBM 017"]
[Source "ChessBase"]
[SourceDate "1990.08.01"]
[SourceVersion "1"]
[SourceVersionDate "1990.08.01"]
[SourceQuality "1"]

1. c4 c5 2. Nf3 Nf6 3. Nc3 e6 4. g3 d5 5. cxd5 Nxd5 6. Bg2 Be7 7. O-O O-O 8. d4
Nc6 9. e4 Nb6 10. d5 exd5 11. exd5 Nb4 12. Ne1 Bf6 13. Be3 Bxc3 14. bxc3 N4xd5
15. Bxc5 Re8 16. Bd4 (16. Qd4 Qf6 17. Bxb6 Nxb6 18. Qxf6 gxf6 19. Nd3 Na4 20.
c4 Be6 $10 {Ftacnik,L-Dlugy,M/Lugano op/1987/ -> TD 87/5}) 16... Bf5 (16... Be6
17. Nd3 Rc8 18. Rc1 Qd6 19. Re1 Red8 20. Qh5 h6 21. Red1 Qf8 $14 {Ftacnik,
L-Rodriguez,Am/Thessaloniki ol/1984/}) 17. Rc1 Rc8 18. Nf3 Be4 19. Re1 Nf6 20.
Bh3 Rc7 21. Ng5 Bg6 22. Rxe8+ Qxe8 (22... Nxe8 23. Bxb6 (23. Qb3 $5) 23...
Qxd1+ 24. Rxd1 axb6 25. Rd8 Kf8 $22 26. Bd7 Ke7) 23. Bg2 Nc4 $10 24. Bf1 b6 25.
Nh3 Bh5 26. Qd3 Ne5 27. Bxe5 Qxe5 28. Qd8+ Ne8 29. Qa8 Bg4 30. Nf4 Bd7 31. Nd3
Qd6 32. Re1 Qc6 33. Qd8 Rc8 34. Qe7 Qd6 35. Qxd6 Nxd6 36. Re7 Be6 37. Rxa7 Nb5
(37... Rxc3 $10) 38. Rb7 Bxa2 $2 (38... Nxc3 $10) 39. Nb4 Nxc3 40. Nxa2 Nxa2
41. Bc4 $1 Nc3 42. Bxf7+ Kh8 43. Rxb6 $14 Ne4 44. Rb4 Nf6 45. Rb7 g6 46. h4 Rc6
47. Bb3 Rd6 48. Rf7 Rb6 49. Bc4 Rc6 50. Be2 Kg8 51. Ra7 Rd6 52. Bb5 Kf8 53. Kg2
Re6 54. Kh3 Re7 55. Ra8+ Kg7 56. g4 Rf7 57. g5 Ne4 58. Bc4 Rf8 59. Ra7+ Kh8 60.
f4 Nd6 61. Be6 Nf5 62. Kg4 Ne3+ 63. Kh3 Nf5 64. Ba2 Nxh4 $2 (64... Ng7 $14) 65.
Kxh4 Rxf4+ 66. Kg3 Rf8 67. Re7 Ra8 68. Be6 Rf8 69. Kg4 Rb8 70. Kf4 Rf8+ 71. Ke5
Rd8 72. Bd5 Rf8 73. Kd6 Rd8+ 74. Kc6 Rc8+ 75. Kd7 Rb8 (75... Rf8 76. Kc7 h5 $8
77. gxh6 Rf5 78. Kd6 Rh5 79. Ke6 $18) 76. Rf7 $1 Rg8 77. Rxh7+ $1 {Ftacnik,L} (
77. Rxh7+ Kxh7 78. Bxg8+ Kxg8 79. Ke8 $18) 1-0

[Event "Antwerp"]
[Site "Antwerp"]
[Date "1993.??.??"]
[Round "7"]
[White "Gurevich, Mikhail"]
[Black "Winants, Luc"]
[Result "1/2-1/2"]
[WhiteElo "2605"]
[BlackElo "2490"]
[Annotator "Ftacnik,L"]
[PlyCount "83"]
[EventDate "1993.08.??"]
[EventType "tourn"]
[EventRounds "9"]
[EventCountry "BEL"]
[EventCategory "13"]
[SourceTitle "CBM 037"]
[Source "ChessBase"]
[SourceDate "1993.12.01"]
[SourceVersion "1"]
[SourceVersionDate "1993.12.01"]
[SourceQuality "1"]

1. d4 Nf6 2. c4 e6 3. Nf3 d5 4. Nc3 c5 5. cxd5 Nxd5 6. e4 Nxc3 7. bxc3 cxd4 8.
cxd4 Bb4+ 9. Bd2 Bxd2+ 10. Qxd2 O-O 11. Bc4 Nc6 12. O-O b6 13. Rad1 Na5 14. Bd3
Bb7 15. Qf4 Qf6 16. Qg3 Qg6 $5 (16... Qe7 17. d5 Rad8 18. e5 (18. Rfe1 $5)
18... Bxd5 19. Bxh7+ Kxh7 20. Rxd5 Rxd5 21. Ng5+ Kg8 22. Qh4 Qxg5 23. Qxg5 Nc6
24. f4 Nd4 $13 {Khalifman,A-Karpov,An/Dos Hermanas/1993/}) 17. Qh3 Qh6 $1 18.
Qxh6 gxh6 19. d5 (19. Ne5 Rfd8 20. Bb1 Rd6 21. Rd2 Rad8 22. Rfd1 $14) 19...
exd5 20. exd5 Bxd5 21. Bxh7+ Kxh7 22. Rxd5 Rad8 23. Rfd1 Rxd5 24. Rxd5 Rc8 $1
25. g4 Rc7 26. Kg2 Nc4 27. Nd4 a6 28. h4 f6 29. h5 b5 30. Kg3 b4 31. Kf4 a5 32.
Kf5 a4 $1 (32... Ne5 33. f4 $36) 33. Ne6 Rb7 34. Kxf6 b3 35. axb3 axb3 36. Rd8
Rb6 $1 (36... b2 $4 37. Nf8+ Kg8 38. Ng6+ Kh7 39. Rh8#) 37. Rd7+ Kg8 38. Rd8+
Kh7 39. f4 b2 40. Rd7+ Kg8 41. Rd8+ Kh7 42. Rd7+ (42. g5 hxg5 43. fxg5 Rxe6+ $1
44. Kxe6 b1=Q $19) 1/2-1/2

[Event "URS-sf Russia-ch"]
[Site "Gorky"]
[Date "1989.??.??"]
[Round "?"]
[White "Makarov, Marat"]
[Black "Dvoirys, Semen I"]
[Result "1-0"]
[WhiteElo "2505"]
[BlackElo "2520"]
[Annotator "Ftacnik,L"]
[PlyCount "83"]
[EventDate "1989.11.??"]
[EventType "tourn"]
[EventRounds "13"]
[EventCountry "URS"]
[EventCategory "7"]
[SourceTitle "CBM 016"]
[Source "ChessBase"]
[SourceDate "1990.06.01"]
[SourceVersion "1"]
[SourceVersionDate "1990.06.01"]
[SourceQuality "1"]

1. Nf3 Nf6 2. c4 c5 3. Nc3 Nc6 4. g3 d5 5. d4 e6 6. cxd5 Nxd5 7. Bg2 Be7 8. O-O
O-O 9. Nxd5 exd5 10. dxc5 Bxc5 11. Bg5 f6 12. Bd2 d4 $6 {N} 13. b4 $1 Bb6 14.
a4 a5 15. b5 Ne5 16. Qb3+ Kh8 17. e3 Bh3 (17... Nxf3+ 18. Bxf3 Bh3 19. Bxb7
Bxf1 20. Bxa8 dxe3 21. Bxe3 Bxe3 22. Qxe3 Bxb5 23. axb5 Qxa8 24. Qc3 $16) 18.
exd4 Bxg2 19. Kxg2 Nxf3 20. Qxf3 Bxd4 21. Rac1 (21. Rad1 Qb6 $14) 21... Rf7 (
21... Qb6 22. Bf4 $1 $16) 22. Rfd1 Rd7 23. Qg4 Rd5 (23... Bb2 24. Bc3 f5 25.
Qxg7+ $1 Rxg7 26. Rxd8+ Rxd8 27. Bxb2) (23... Bxf2 24. Bxa5 Rxd1 25. Bxd8) 24.
Bxa5 $1 b6 25. Bb4 f5 26. Qf4 h6 27. Be7 $1 $18 Qxe7 28. Rxd4 Rad8 29. Rxd5
Rxd5 30. Rc6 Qd8 31. Qe3 Rd4 32. Qe6 Qa8 33. Qxf5 Rxa4 34. Qc8+ (34. Kh3 $1 $18
) 34... Qxc8 35. Rxc8+ Kh7 36. Rc6 Rb4 37. Rxb6 h5 38. Rb8 g6 39. b6 Kg7 40. b7
Kh7 41. f4 Kg7 42. h3 {Ftacnik} 1-0

[Event "Dortmunder Schachtage-A 18th"]
[Site "Dortmund"]
[Date "1990.04.15"]
[Round "10"]
[White "Azmaiparashvili, Zurab"]
[Black "Brunner, Lucas"]
[Result "1-0"]
[WhiteElo "2610"]
[BlackElo "2525"]
[Annotator "Ftacnik,L"]
[PlyCount "41"]
[EventDate "1990.04.05"]
[EventType "tourn"]
[EventRounds "11"]
[EventCountry "GER"]
[EventCategory "13"]
[SourceTitle "CBM 018"]
[Source "ChessBase"]
[SourceDate "1990.10.01"]
[SourceVersion "1"]
[SourceVersionDate "1990.10.01"]
[SourceQuality "1"]

1. c4 Nf6 2. Nc3 c5 3. Nf3 e6 4. g3 d5 5. cxd5 Nxd5 6. Bg2 Nc6 7. O-O Be7 8. d4
O-O 9. dxc5 Nxc3 10. bxc3 Bxc5 11. Rb1 Qc7 12. Rb5 Bd6 13. Qd3 e5 $2 (13... Ne5
$5 14. Nxe5 Bxe5 $13) 14. Ng5 g6 15. Bd5 a6 (15... Ne7 $5) 16. Rb1 Bc5 (16...
Bf5 17. e4 Bd7 18. Qf3) 17. Qc4 Na5 18. Qh4 h5 19. Ne4 Bf5 (19... Be7 20. Bg5)
20. Nf6+ Kg7 21. Nxh5+ $1 {Ftacnik,L} (21. Nxh5+ gxh5 22. Qg5+ Bg6 23. Qh6+ Kg8
24. Qxg6+) 1-0

[Event "Groningen"]
[Site "Groningen"]
[Date "1994.??.??"]
[Round "10"]
[White "Azmaiparashvili, Zurab"]
[Black "Jussupow, Artur"]
[Result "0-1"]
[WhiteElo "2625"]
[BlackElo "2655"]
[Annotator "Ftacnik,L"]
[PlyCount "52"]
[EventDate "1994.12.??"]
[EventType "tourn"]
[EventRounds "11"]
[EventCountry "NED"]
[EventCategory "15"]
[SourceTitle "CBM 045"]
[Source "ChessBase"]
[SourceDate "1995.04.01"]
[SourceVersion "1"]
[SourceVersionDate "1995.04.01"]
[SourceQuality "1"]

1. c4 Nf6 2. Nc3 c5 3. Nf3 e6 4. d4 d5 5. cxd5 Nxd5 6. e4 Nxc3 7. bxc3 cxd4 8.
cxd4 Bb4+ 9. Bd2 Bxd2+ 10. Qxd2 O-O 11. Rd1 (11. Rc1 Nc6 12. Bb5 Bd7 13. O-O
Ne7 14. Qb4 Qb6 15. a4 Nc6 16. Qc5 Qxc5 17. Rxc5 a6 18. Be2 Rac8 19. Rfc1 f6
$10 {Pomar Salamanca,A-Kortschnoj,V/Palma de Mallorca/1969/}) 11... Nc6 (11...
b6 12. h4 Ba6 13. Bxa6 Nxa6 14. Qd3 Nb4 15. Qb1 Qe7 16. O-O h6 17. d5 exd5 18.
exd5 Qc5 19. d6 Rad8 20. d7 Na6 21. Rfe1 Nb8 22. Ne5 a6 23. Qf5 Qa5 24. h5 $16
{Aleksandrov,A-Akhmadeev,V/Kstovo op/1994/}) 12. Bb5 (12. Bc4 Qa5 13. O-O Qxd2
14. Rxd2 b6 15. d5 Na5 16. Bb5 exd5 17. exd5 Rd8 $13) 12... Bd7 13. Rb1 (13.
O-O Ne5 $5 14. Be2 Nxf3+ 15. Bxf3 Rc8 $10) 13... Ne7 14. Bd3 (14. Bxd7 Qxd7 15.
Ne5 Qc7 16. O-O Rfd8 $10) 14... Bc6 15. h4 (15. O-O $10) 15... h6 16. Rh3 $6 (
16. O-O f5 (16... Ng6 17. h5 Nh4 18. Ne1 f5 $132) 17. Rfe1 fxe4 18. Bxe4 $14)
16... f5 $1 17. Rg3 $2 (17. exf5 Nxf5 $36) 17... fxe4 18. Qxh6 Nf5 19. Qxe6+
Kh8 20. Rg5 (20. Bxe4 Nxg3 21. Bxc6 bxc6 $19) 20... Qe8 21. Bc4 (21. Qxe8 Raxe8
22. Rh5+ Nh6 $19) 21... exf3 22. Kd2 Rd8 (22... Rf6 23. Qxe8+ (23. Qe5 fxg2 $19
) 23... Rxe8 $19) 23. Kc3 (23. Qxe8 Bxe8 $19) 23... Nd6 (23... fxg2 $19) 24.
Qe7 $5 (24. Qxe8 Bxe8 25. Bd3 fxg2 $19) 24... Ne4+ (24... Qxe7 $4 25. Rh5#) 25.
Kb3 Nxg5 26. hxg5 (26. Qxg5 fxg2 27. Re1 Be4 $19) 26... fxg2 0-1

[Event "USA-ch"]
[Site "USA"]
[Date "1989.??.??"]
[Round "3"]
[White "Alburt, Lev O"]
[Black "Dlugy, Maxim"]
[Result "1/2-1/2"]
[WhiteElo "2530"]
[BlackElo "2530"]
[Annotator "Ftacnik,L"]
[PlyCount "116"]
[EventDate "1989.11.??"]
[EventType "tourn"]
[EventRounds "15"]
[EventCountry "USA"]
[EventCategory "12"]
[SourceTitle "CBM 019"]
[Source "ChessBase"]
[SourceDate "1990.12.01"]
[SourceVersion "1"]
[SourceVersionDate "1990.12.01"]
[SourceQuality "1"]

1. c4 c5 2. Nf3 Nf6 3. Nc3 e6 4. g3 d5 5. cxd5 Nxd5 6. Bg2 Be7 7. d4 O-O 8. O-O
Nc6 9. e4 Nb6 10. dxc5 Qxd1 11. Rxd1 Bxc5 12. e5 Bb4 13. Bf4 {N} (13. Bf1 Bxc3
14. bxc3 Bd7 15. Be3 (15. Rb1 Nb8 16. Nd4 Nc6 17. Nf3 $10 {Smejkal,J-Dlugy,M/
Moscow GMA-op/1989/ ->TD89_02}) 15... Nd5 16. Bc5 Rfd8 17. c4 Nde7 $14 {
Thorsteins,K-Dlugy,M/New York op/1989/ ->CBM 12}) 13... Bxc3 14. bxc3 Na5 (
14... Bd7 15. Rab1 Nb8 16. Nd4 Nc6 17. Nb5) 15. Be3 Nd5 16. Bc5 Re8 17. Rac1 b6
18. Bb4 Nc4 19. Rd4 Ba6 20. Bf1 Rac8 21. Ra1 (21. a4 $2 Nxb4 22. cxb4 Nxe5 $1)
21... Nxb4 22. cxb4 Bb7 $1 23. Bxc4 Bxf3 24. Rf4 g5 25. Rxf3 Rxc4 26. Rd1 Re7 (
26... Rxb4 $6 27. Rd7 Rf8 28. Rxa7 $36) 27. a3 Re4 28. Rc3 Rxe5 29. Rd8+ Kg7
30. Kg2 Re2 31. Rcc8 f5 32. Rg8+ Kf6 33. g4 $6 (33. Rcf8+ Rf7 34. Rxf7+ Kxf7
35. Ra8 $10 (35. Rxg5 $2 Ra2 $17)) 33... fxg4 (33... Ra2 34. gxf5 exf5 35.
Rcf8+ Rf7 36. Rxf7+ Kxf7 37. Rxg5 Kf6 38. Rg3) 34. Rcf8+ Rf7 35. Rxf7+ Kxf7 36.
Ra8 (36. Rxg5 Ra2 37. Rxg4 Rxa3 $17) 36... a5 37. bxa5 bxa5 38. Rxa5 Kf6 39.
Ra8 h5 40. a4 Re1 41. a5 Ra1 (41... h4 $5 42. h3 $8 (42. a6 $2 h3+ 43. Kg3 Rg1#
) 42... gxh3+ 43. Kxh3 Ra1) 42. a6 Kg6 43. a7 Kg7 44. h3 gxh3+ 45. Kxh3 e5 46.
Re8 Rxa7 47. Rxe5 Ra3+ 48. Kg2 Kg6 49. Re8 Kf5 50. Rf8+ Kg4 51. Rf7 h4 52. Rf8
Ra5 53. f3+ Kh5 54. Rh8+ Kg6 55. f4 Ra2+ 56. Kf3 Ra3+ 57. Kf2 gxf4 58. Rxh4 Kg5
{Ftacnik,L} 1/2-1/2

[Event "Tel Aviv ASA"]
[Site "Tel Aviv"]
[Date "1995.??.??"]
[Round "6"]
[White "Bykhovsky, Anatoly A"]
[Black "Golod, Vitali"]
[Result "0-1"]
[WhiteElo "2420"]
[BlackElo "2545"]
[Annotator "Ftacnik,L"]
[PlyCount "62"]
[EventDate "1995.??.??"]
[EventType "tourn"]
[EventRounds "9"]
[EventCountry "ISR"]
[EventCategory "10"]
[SourceTitle "CBM 050"]
[Source "ChessBase"]
[SourceDate "1996.02.01"]
[SourceVersion "1"]
[SourceVersionDate "1996.02.01"]
[SourceQuality "1"]

1. d4 Nf6 2. c4 e6 3. Nf3 d5 4. Nc3 c5 5. cxd5 Nxd5 6. e4 Nxc3 7. bxc3 cxd4 8.
cxd4 Bb4+ 9. Bd2 Bxd2+ 10. Qxd2 O-O 11. Rd1 b6 (11... Nc6 12. Bb5 (12. Bc4 Qa5
13. O-O Qxd2 14. Rxd2 b6 15. d5 Na5 16. Bb5 exd5 17. exd5 Rd8 $13) 12... Bd7
13. Rb1 (13. O-O Ne5 $5 14. Be2 Nxf3+ 15. Bxf3 Rc8 $10) 13... Ne7 14. Bd3 (14.
Bxd7 Qxd7 15. Ne5 Qc7 16. O-O Rfd8 $10) 14... Bc6 15. h4 (15. O-O $10) (15. O-O
$10) 15... h6 16. Rh3 $6 (16. O-O f5 (16... Ng6 17. h5 Nh4 18. Ne1 f5 $132) 17.
Rfe1 fxe4 18. Bxe4 $14) 16... f5 $1 17. Rg3 $2 (17. exf5 Nxf5 $36) 17... fxe4
18. Qxh6 Nf5 19. Qxe6+ Kh8 20. Rg5 (20. Bxe4 Nxg3 21. Bxc6 bxc6 $19) 20... Qe8
21. Bc4 exf3 22. Kd2 Rd8 {Azmaiparashvili,Z-Yusupov,A/Groningen/1994/0-1 (26)}
(22... Rf6 23. Qxe8+ Rxe8 $19)) 12. Bb5 (12. h4 $5 Ba6 13. Bxa6 Nxa6 14. Qd3
Nb4 15. Qb1 Qe7 16. O-O h6 17. d5 exd5 18. exd5 Qc5 19. d6 Rad8 20. d7 Na6 21.
Rfe1 Nb8 22. Ne5 a6 23. Qf5 Qa5 24. h5 $16 {Aleksandrov,A-Akhmadeev,V/Kstovo
op/1994/}) 12... Bb7 13. Qe3 Nd7 14. O-O Nf6 15. Bd3 Qe7 (15... Rc8 16. Bb1 Qe7
17. Rfe1 Rfd8 18. h3 Rc7 19. Qf4 Rc4 20. Qg3 Qc7 21. Qg5 h6 22. Qe3 Rc3 23. Qe2
Re8 24. Bd3 Rc8 25. Bb1 {Molinaroli,M-Busch,R/Dortmund op (10) ;TD 87\03 1987/
0-1 (72)}) 16. Rfe1 Rac8 17. Qf4 (17. Bb1 $5) 17... Rc3 18. d5 $5 exd5 19. e5 {
No marks for the originality of the idea, but rarely can black so confidently
put his N to e4.} (19. exd5 Qa3 20. Bc4 Qc5 21. Bb3 Nxd5 $15) 19... Ne4 (19...
Nd7 20. Nd4 Nc5 21. Nf5 $13) 20. Nd4 g6 21. Nb5 Rc5 22. Nd6 (22. Nxa7 Nc3 23.
Rc1 Ra8 $19) 22... f6 $1 {I especially like this logical move that ought
destroy shaky coordination of white's pieces. Undermining the Nd6 turns him
into liability.} 23. Nxb7 $2 (23. Nxe4 dxe4 (23... fxe5 $2 24. Qg5 Qxg5 25.
Nxg5 e4 26. Be2 $16) 24. exf6 Rxf6 $15) (23. exf6 Rxf6 (23... Qxd6 24. Rxe4
Qxf6 25. Qxf6 Rxf6 $15) 24. Qh4 Qxd6 25. Bxe4 Re6 $17) 23... fxe5 24. Qxf8+ (
24. Qe3 Qxb7 25. Bxe4 dxe4 $17) 24... Kxf8 25. Nxc5 Nxc5 26. Bc2 Qd6 27. Bb3 (
27. Re2 Ne6 28. Red2 Nd4 $19) 27... d4 28. f3 d3 29. Rd2 Qd4+ 30. Rf2 (30. Kf1
e4 31. fxe4 Nxe4 $19) 30... Kg7 31. Kf1 a5 (31... a5 32. h3 a4 33. Bd1 e4 $19)
0-1